| 000 | 00524nam a2200181Ia 4500 | ||
|---|---|---|---|
| 008 | 100917s9999 xx 000 0 und d | ||
| 082 | _b15554 | ||
| 100 | _aजोशी दिवाकर महादेव | ||
| 245 | _aअिग्न आणि प्रकाश | ||
| 260 | _b--- | ||
| 300 | _a21 | ||
| 365 | _b0 | ||
| 520 | _aनिबंध | ||
| 630 | _aअिग्न आणि प्रकाश | ||
| 650 | _aनिबंध | ||
| 730 | _aअिग्न आणि प्रकाश | ||
| 942 | _cBOOK | ||
| 999 |
_c620948 _d620945 |
||